Central Library OPAC University of Rajshahi

Principles of pleading and practice in civil actions in the High Court of Justice/ (Record no. 4285)

MARC details
000 -LEADER
fixed length control field 01064cam a2200301u 4500
001 - CONTROL NUMBER
control field 4285
003 - CONTROL NUMBER IDENTIFIER
rucl marc code BD-RjUL
005 - DATE AND TIME OF LATEST TRANSACTION
control field 20211208233851.0
008 - FIXED-LENGTH DATA ELEMENTS--GENERAL INFORMATION
fixed length control field 131222s1960 enk 000 0 eng
035 ## - SYSTEM CONTROL NUMBER
System control number (BD-RjUL)4320
040 ## - CATALOGING SOURCE
Original cataloging agency DLC
Transcribing agency CarP
Modifying agency DLC
-- BD-RjUL
Language of cataloging eng
041 ## - LANGUAGE CODE
Language code of text/sound track or separate title eng
082 04 - DEWEY DECIMAL CLASSIFICATION NUMBER
Edition number 18
Classification number 347.92
Author mark and year HAO 1960
100 1# - MAIN ENTRY--PERSONAL NAME
Personal name Harwood, Basil Antony.
9 (RLIN) 13476
245 10 - TITLE STATEMENT
Title Principles of pleading and practice in civil actions in the High Court of Justice/
Statement of responsibility, etc. Basil Antony Harwood.
250 ## - EDITION STATEMENT
Edition statement 17th ed.
260 ## - PUBLICATION, DISTRIBUTION, ETC. (IMPRINT)
Place of publication, distribution, etc. London :
Name of publisher, distributor, etc. Stevens,
Date of publication, distribution, etc. 1960.
300 ## - PHYSICAL DESCRIPTION
Pagination xl, 541 p. ;
Size 23 cm.
650 #0 - SUBJECT ADDED ENTRY--TOPICAL TERM
Topical term or geographic name as entry element Pleading
Geographic subdivision Great Britain.
9 (RLIN) 13473
Topical term or geographic name as entry element Civil procedure
Geographic subdivision Great Britain.
9 (RLIN) 13474
700 1# - ADDED ENTRY--PERSONAL NAME
Personal name Harwood, Basil Antony. [from old catalog]
Personal name Harwood, Giles Francis. [from old catalog]
710 1# - ADDED ENTRY--CORPORATE NAME
Corporate name or jurisdiction name as entry element Great Britain.
Subordinate unit High Court of Justice. [from old catalog]
9 (RLIN) 13574
942 ## - ADDED ENTRY ELEMENTS (KOHA)
Source of classification or shelving scheme Dewey Decimal Classification
Koha item type Books
Holdings
Lost status Source of classification or shelving scheme Damaged status Not for loan Collection code Permanent Location Current Location Shelving location Date acquired Source of acquisition Cost, normal purchase price Total Checkouts Full call number Date last seen Copy number Koha item type
  Dewey Decimal Classification   Not For Loan Non-fiction Central Library, University of Rajshahi Central Library, University of Rajshahi Reading Room 20/06/1963 Zeitlinger 60.00   347.92 HAO 1960 22/12/2013 C-1 Books